000 00492nam a2200205Ia 4500
008 210210b2011 xxu||||| |||| 00| 0 eng d
041 _aeng
082 _a510.2465 BYAB
100 _aBYARI (Ibrahim)
245 _aBusiness mathematics BBM III Sem
260 _aMangalore
_bMangala publications
_c2011
300 _aviii,256
650 _aSem
650 _amathematics
650 _aIII
650 _aBusiness
650 _aBBM
690 _aBusiness Mathematics
906 _a065572
999 _c145406
_d145406